000 00923 a2200445 4500
000 BKB
001 135646
005 20200902152855.0
008
010 _a
020 _a9780198526391
082 _a515.93
_bD71R
100 1 _aDonaldson, Simon
110 _a
245 1 _aReimann surfaces
_cby Simon Donaldson
250 _a
260 _aOxford
_bOxford University Press
_c2011
300 _a286p.
490 _aOxford graduate texts in mathematics; no. 22
_v
500 _a
600 _a
610 _a
611 _a
630 _aMathematics
650 _a
651 _a
654 _a
690 _aRiemann surfaces; Topology
700 _a
_b
_c
710 _a
_b
_c
711 _a
720 _a
730 _a
740 _a
752 _a
856 _a
_d
_f
904 _a
964 _a
_b
_c
_d
_e
_f
_g
965 _a
999 _c8951
_d8951